Анализ автоматизированных станков для размещения SMD элементов и нанесения паяльной пасты; Молодежь и современные информационные технологии

Podrobná bibliografie
Parent link:Молодежь и современные информационные технологии.— 2019.— [С. 241-242]
Hlavní autor: Чернов А. С.
Korporativní autor: Национальный исследовательский Томский политехнический университет Инженерная школа информационных технологий и робототехники Отделение автоматизации и робототехники (ОАР)
Další autoři: Суходоев М. С. Михаил Сергеевич
Shrnutí:Заглавие с титульного экрана
Jazyk:ruština
Vydáno: 2019
Edice:Автоматизация и управление в технических системах
Témata:
On-line přístup:http://earchive.tpu.ru/handle/11683/52725
Médium: MixedMaterials Elektronický zdroj Kapitola
KOHA link:https://koha.lib.tpu.ru/cgi-bin/koha/opac-detail.pl?biblionumber=629110

MARC

LEADER 00000naa2a2200000 4500
001 629110
005 20240126132617.0
035 |a (RuTPU)RU\TPU\conf\29554 
035 |a RU\TPU\conf\29553 
090 |a 629110 
100 |a 20190131d2019 k y0rusy50 ca 
101 0 |a rus 
102 |a RU 
105 |a y z 101zy 
135 |a drgn ---uucaa 
181 0 |a i  
182 0 |a b 
200 1 |a Анализ автоматизированных станков для размещения SMD элементов и нанесения паяльной пасты  |f А. С. Чернов, М. С. Суходоев 
203 |a Текст  |c электронный 
225 1 |a Автоматизация и управление в технических системах 
300 |a Заглавие с титульного экрана 
320 |a [Библиогр.: с. 242 (6 назв.)] 
463 0 |0 (RuTPU)RU\TPU\conf\29427  |t Молодежь и современные информационные технологии  |o сборник трудов XVI Международной научно-практической конференции студентов, аспирантов и молодых учёных, 3-7 декабря 2018 г., г. Томск  |f Национальный исследовательский Томский политехнический университет, Инженерная школа информационных технологий и робототехники ; под ред. Д. М. Сонькина [и др.]  |v [С. 241-242]  |d 2019 
610 1 |a электронный ресурс 
610 1 |a труды учёных ТПУ 
610 1 |a автоматизированные станки 
610 1 |a печатные платы 
610 1 |a паяльные пасты 
610 1 |a макетные платы 
610 1 |a комплектующие 
700 1 |a Чернов  |b А. С. 
701 1 |a Суходоев  |b М. С.  |c специалист в области автоматического управления  |c доцент Томского политехнического университета, кандидат технических наук  |f 1982-  |g Михаил Сергеевич  |3 (RuTPU)RU\TPU\pers\25412  |9 11354 
712 0 2 |a Национальный исследовательский Томский политехнический университет  |b Инженерная школа информационных технологий и робототехники  |b Отделение автоматизации и робототехники (ОАР)  |3 (RuTPU)RU\TPU\col\23553 
801 2 |a RU  |b 63413507  |c 20201229  |g RCR 
856 4 |u http://earchive.tpu.ru/handle/11683/52725 
942 |c BK